MARC

LEADER 00000nim0a2200000 4500
001 117034
005 20231031123518.0
035 |a (RuTPU)RU\TPU\book\126652 
090 |a 117034 
100 |a 20070530d2004 m y0rusy50 ba 
101 0 |a rus 
102 |a RU 
105 |a y z 000zy 
126 |a agbuhxx||||||сd 
127 |a hhmmss 
128 |a zz  |b uu  |c uu 
200 1 |a Зональная научная библиотека  |b Electronic resource  |f Тверской государственный технический университет (ТвГТУ) 
203 |a Text  |c electronic 
210 |a Тверь  |c Изд-во Тверского гос. тех. ун-та  |d 2004 
215 |a 1 Audio CD-ROM 
610 1 |a библиотеки 
610 1 |a библиотечное дело 
610 1 |a научные библиотеки 
610 1 |a вузовские библиотеки 
610 1 |a Тверь 
610 1 |a CD-ROM 
686 |a Ч734(2)718  |v LBC/SL-A  |2 rubbk 
712 0 2 |a Тверской государственный технический университет (ТвГТУ)  |2 stltpush  |3 (RuTPU)RU\TPU\col\47 
801 1 |a RU  |b 63413507  |c 20070530  |g PSBO 
801 2 |a RU  |b 63413507  |c 20150409  |g PSBO 
942 |c BK